FUNDAMENTAL PROCESSES OF ELECTRICAL CONTACT PHENOMENA (Record no. 584935)
[ view plain ]
| 000 -LEADER | |
|---|---|
| fixed length control field | 00273nam a22001097a 4500 |
| 082 ## - DEWEY DECIMAL CLASSIFICATION NUMBER | |
| Classification number | 621.3 JON'F |
| 100 ## - MAIN ENTRY--PERSONAL NAME | |
| Personal name | JONLE, F. L |
| 9 (RLIN) | 79957 |
| 245 ## - TITLE STATEMENT | |
| Title | FUNDAMENTAL PROCESSES OF ELECTRICAL CONTACT PHENOMENA |
| 260 ## - PUBLICATION, DISTRIBUTION, ETC. | |
| Place of publication, distribution, etc. | LONDON |
| Name of publisher, distributor, etc. | HER MAJESTY'S |
| Date of publication, distribution, etc. | 1952 |
| 300 ## - PHYSICAL DESCRIPTION | |
| Extent | 66P |
| 942 ## - ADDED ENTRY ELEMENTS (KOHA) | |
| Koha item type | Book |
| Withdrawn status | Lost status | Damaged status | Not for loan | Permanent Location | Current Location | Shelving location | Date acquired | Total Checkouts | Full call number | Barcode | Date last seen | Price effective from | Koha item type |
|---|---|---|---|---|---|---|---|---|---|---|---|---|---|
| College of Electrical & Mechanical Engineering (CEME) | College of Electrical & Mechanical Engineering (CEME) | General Stacks | 07/05/2017 | 621.3 JON'F | CEME-6134 | 06/28/2021 | 06/28/2021 | Book |
